[Event "Top 16"]
[Site "?"]
[Date "24.03.24"]
[Round "3.5"]
[White "Nataf, Igor-Alexandre"]
[Black "Neiman, Emmanuel"]
[Result "1/2-1/2"]
[WhiteElo "2552"]
[BlackElo "2371"]
[PlyCount "82"]
[EventDate "2008.??.??"]
[WhiteTeam "Cannes"]
[BlackTeam "Metz"]

1. e4 e5 2. Nf3 Nf6 3. Nxe5 d6 4. Nf3 Nxe4 5. d4 d5 6. Bd3 Nc6 7. O-O Be7 8. c4
Nb4 9. Be2 O-O 10. a3 Nc6 11. cxd5 Qxd5 12. Nc3 Nxc3 13. bxc3 Bf5 14. Re1 Rfe8
15. Bf4 Rac8 16. Bd3 Bxd3 17. Qxd3 Bd6 18. c4 Qh5 19. Be3 b6 20. Rab1 Rcd8 21.
Rb5 Qg6 22. Qc3 h6 23. h3 Qf6 24. Qc2 Nxd4 25. Nxd4 Qxd4 26. Rc1 Qe4 27. Qxe4
Rxe4 28. a4 Bf4 29. Bxf4 Rxf4 30. a5 Rd2 31. axb6 axb6 32. f3 Rf6 33. c5 Rc6
34. Rc3 Rg6 35. g4 Re6 36. Kf1 g5 37. cxb6 cxb6 38. Rf5 b5 39. Rxb5 Ra6 40. Rc1
Raa2 41. Rf5 Rf2+ 1/2-1/2

[Event "Top 16"]
[Site "?"]
[Date "24.03.24"]
[Round "3.2"]
[White "Asrian, Karen"]
[Black "Sulava, Nenad"]
[Result "1/2-1/2"]
[WhiteElo "2621"]
[BlackElo "2494"]
[PlyCount "68"]
[EventDate "2008.??.??"]
[WhiteTeam "Bischwiller"]
[BlackTeam "Hyeres"]

1. e4 c5 2. Nf3 e6 3. d4 cxd4 4. Nxd4 a6 5. Nc3 b5 6. Bd3 d6 7. O-O Nf6 8. a4
b4 9. Na2 e5 10. Nb3 Nc6 11. Qe1 Qb6 12. Nd2 Be6 13. Nc4 Bxc4 14. Bxc4 Be7 15.
Bd2 Rb8 16. Be3 Qb7 17. Qe2 a5 18. Nc1 O-O 19. Nb3 Bd8 20. Qd3 Bb6 21. Rad1
Bxe3 22. Qxe3 Rfd8 23. Qe2 Ne7 24. Rfe1 Qc7 25. Rd2 Kf8 26. g3 h6 27. Kg2 Rbc8
28. Ba6 Ra8 29. Bb5 Qb7 30. f3 Qc7 31. Qf2 Rac8 32. Ba6 Ra8 33. Bb5 Rac8 34.
Ba6 Ra8 1/2-1/2

[Event "Top 16"]
[Site "?"]
[Date "24.03.24"]
[Round "3.3"]
[White "Ninov, Nikolai"]
[Black "Schlosser, Philipp"]
[Result "1/2-1/2"]
[WhiteElo "2501"]
[BlackElo "2564"]
[PlyCount "49"]
[EventDate "2008.??.??"]
[WhiteTeam "Hyeres"]
[BlackTeam "Bischwiller"]

1. e4 e5 2. Nf3 Nc6 3. Bc4 Bc5 4. c3 Nf6 5. d4 exd4 6. e5 d5 7. Bb5 Ne4 8. cxd4
Bb6 9. Be3 O-O 10. Nc3 Bg4 11. Bxc6 bxc6 12. h3 Bh5 13. O-O f5 14. Ne2 g5 15.
Ng3 Bg6 16. Nxe4 dxe4 17. Bxg5 Qd5 18. Nh4 Bxd4 19. Rc1 Bxb2 20. Rxc6 Qxc6 21.
Qb3+ Rf7 22. Qxb2 f4 23. Bf6 Rxf6 24. exf6 Rf8 25. Nxg6 1/2-1/2

[Event "Top 16"]
[Site "?"]
[Date "24.03.24"]
[Round "3.5"]
[White "Comte, Frederic"]
[Black "Mensch, Etienne"]
[Result "0-1"]
[WhiteElo "2190"]
[BlackElo "2337"]
[PlyCount "94"]
[EventDate "2008.??.??"]
[WhiteTeam "Hyeres"]
[BlackTeam "Bischwiller"]

1. e4 c5 2. Nf3 Nc6 3. Bb5 g6 4. Bxc6 dxc6 5. h3 Bg7 6. Nc3 Nf6 7. d3 Nd7 8.
Be3 e5 9. Qd2 h6 10. O-O Qe7 11. Nh2 Nf8 12. Ne2 Ne6 13. Rab1 b6 14. Kh1 Bd7
15. f4 exf4 16. Nxf4 Nxf4 17. Bxf4 g5 18. Bg3 O-O 19. a4 Be6 20. b3 Rad8 21.
Qe2 b5 22. Ng4 c4 23. dxc4 bxc4 24. e5 Bxg4 25. Qxg4 cxb3 26. Rxb3 Qe6 27. Qxe6
fxe6 28. Rxf8+ Kxf8 29. Rb7 Rd4 30. Rxa7 h5 31. Ra5 Rc4 32. Be1 Rxc2 33. Bb4+
Kf7 34. Rc5 Rb2 35. Bc3 Rb1+ 36. Kh2 Rc1 37. g3 Rc2+ 38. Kg1 Bf8 39. Rxc6 Bb4
40. Bxb4 Rxc6 41. a5 Rc2 42. Be1 g4 43. hxg4 hxg4 44. Bf2 Ra2 45. Bd4 Kg6 46.
a6 Rxa6 47. Kf2 Kf5 0-1

[Event "Top 16"]
[Site "?"]
[Date "24.03.24"]
[Round "3.6"]
[White "Wagner, Claude"]
[Black "Garro, Pierre"]
[Result "1/2-1/2"]
[WhiteElo "2358"]
[BlackElo "2178"]
[PlyCount "43"]
[EventDate "2008.??.??"]
[WhiteTeam "Bischwiller"]
[BlackTeam "Hyeres"]

1. d4 Nf6 2. c4 e6 3. Nc3 Bb4 4. e3 c5 5. Nge2 d5 6. a3 Bxc3+ 7. Nxc3 cxd4 8.
exd4 dxc4 9. Bxc4 Nc6 10. Be3 O-O 11. O-O h6 12. Ba2 Ne7 13. Bf4 Ned5 14. Be5
Bd7 15. Qd3 Bc6 16. Rad1 Rc8 17. Bb1 Re8 18. Qg3 Nh5 19. Qd3 Nhf6 20. Qg3 Nh5
21. Qf3 Nxc3 22. Qxh5 1/2-1/2

[Event "Top 16"]
[Site "?"]
[Date "24.03.24"]
[Round "3.7"]
[White "Langevin, Philippe"]
[Black "Heinz, Timothee"]
[Result "1/2-1/2"]
[WhiteElo "2156"]
[BlackElo "2310"]
[PlyCount "24"]
[EventDate "2008.??.??"]
[WhiteTeam "Hyeres"]
[BlackTeam "Bischwiller"]

1. b3 c5 2. Bb2 Nc6 3. e3 Nf6 4. Nf3 g6 5. Nc3 Bg7 6. Ne4 d6 7. Nxf6+ Bxf6 8.
Bxf6 exf6 9. Bb5 Qc7 10. O-O O-O 11. Bxc6 bxc6 12. d4 Bg4 1/2-1/2

[Event "Top 16"]
[Site "?"]
[Date "2008.03.24"]
[Round "3.7"]
[White "Bergez, L ."]
[Black "Vallin, G ."]
[Result "0-1"]
[WhiteElo "2370"]
[BlackElo "2409"]
[PlyCount "96"]
[EventDate "2008.??.??"]

1. e4 e6 2. d4 d5 3. e5 c5 4. c3 Qb6 5. Nf3 Nc6 6. a3 c4 7. Nbd2 Na5 8. Be2 Bd7
9. O-O Ne7 10. Re1 Nc8 11. Rb1 Qc7 12. Nf1 Nb6 13. Bg5 h6 14. Bh4 g5 15. Bg3 g4
16. N3d2 h5 17. f3 Ba4 18. Qc1 Bh6 19. Bd1 Nb3 20. Bxb3 cxb3 21. Qd1 gxf3 22.
Qxf3 O-O-O 23. Re2 Rdg8 24. Rf2 h4 25. Bf4 h3 26. Ne3 Bf8 27. Ng4 hxg2 28. Rxg2
Nc4 29. Bg3 Nxd2 30. Rxd2 Bb5 31. Rf2 Rg5 32. Qd1 Rhg8 33. Ne3 f5 34. Qxb3 Bd3
35. Rd1 Rxg3+ 36. hxg3 Rxg3+ 37. Ng2 Qh7 38. Qa4 Qh5 39. Rxd3 Rxd3 40. Qxa7 Be7
41. Qb6 Qg6 42. Qb5 Rh3 43. c4 Qh5 44. Rf4 Qd1+ 45. Kf2 Bh4+ 46. Nxh4 Qd2+ 47.
Kg1 Rg3+ 48. Kf1 Qxf4+ 0-1

[Event "Top 16"]
[Site "?"]
[Date "2008.03.24"]
[Round "3.5"]
[White "Chuchelov, V ."]
[Black "Collas, D ."]
[Result "1-0"]
[WhiteElo "2551"]
[BlackElo "2441"]
[PlyCount "76"]
[EventDate "2008.??.??"]

1. c4 e6 2. Nc3 d5 3. cxd5 exd5 4. d4 c6 5. Bf4 Bf5 6. e3 Nf6 7. Nge2 Nbd7 8.
Ng3 Bg6 9. Be2 h5 10. h4 Be7 11. a3 a5 12. Rc1 Kf8 13. Bf3 Kg8 14. Bg5 Qe8 15.
Qb3 Ra7 16. O-O Bd6 17. Bf4 Be7 18. Rfe1 Qd8 19. e4 dxe4 20. Ngxe4 Nxe4 21.
Nxe4 a4 22. Qe3 Ra5 23. d5 Bxh4 24. Nd6 Qf6 25. Nxb7 Rxd5 26. Bxd5 cxd5 27. g3
Qxb2 28. Qe8+ Kh7 29. Qxd7 Bf6 30. Qxd5 Qxa3 31. Be5 Qb3 32. Qc6 Bxe5 33. Rxe5
a3 34. Qd5 Qxd5 35. Rxd5 Rb8 36. Rc7 Be4 37. Rxh5+ Kg6 38. Ra5 Bxb7 1-0

[Event "Top 16"]
[Site "?"]
[Date "2008.03.24"]
[Round "3.8"]
[White "Collas, S ."]
[Black "Roumegous, M ."]
[Result "1-0"]
[WhiteElo "2405"]
[BlackElo "2217"]
[PlyCount "79"]
[EventDate "2008.??.??"]

1. Nf3 Nf6 2. c4 e6 3. Nc3 Bb4 4. Qc2 c5 5. a3 Ba5 6. e3 Nc6 7. Be2 d6 8. O-O
O-O 9. b3 e5 10. Bb2 Bg4 11. Nd5 Nxd5 12. cxd5 Ne7 13. Ng5 Bf5 14. Bd3 Bg6 15.
Nxh7 Kxh7 16. f4 e4 17. Bxe4 Bxe4 18. Qxe4+ Kg8 19. b4 cxb4 20. axb4 Bb6 21.
Rf3 Qd7 22. Rh3 f5 23. Qf3 Rf7 24. Qh5 Kf8 25. Qg5 Ng8 26. Rh8 Bd8 27. Qg6 Bf6
28. Qh7 Ke7 29. Rxg8 Bxb2 30. Rxa8 Bxa1 31. Rxa7 Bf6 32. Qh5 Qc7 33. h3 g5 34.
Kh2 Rg7 35. Ra8 Rf7 36. Qg6 Qd7 37. Qg8 gxf4 38. exf4 Bd4 39. d3 Bc3 40. Ra2
1-0

[Event "Top 16"]
[Site "?"]
[Date "2008.03.24"]
[Round "3.6"]
[White "Eliet, N ."]
[Black "Relange, E ."]
[Result "0-1"]
[WhiteElo "2453"]
[BlackElo "2479"]
[PlyCount "92"]
[EventDate "2008.??.??"]

1. d4 Nf6 2. c4 g6 3. Nc3 Bg7 4. e4 d6 5. Nf3 O-O 6. Be2 e5 7. d5 a5 8. Bg5 h6
9. Bh4 Na6 10. Nd2 Qe8 11. b3 Nh7 12. O-O h5 13. f3 Bh6 14. a3 Be3+ 15. Kh1 Bd7
16. Ra2 f5 17. exf5 gxf5 18. f4 exf4 19. Bxh5 Qe5 20. Nb5 Qh8 21. Be2 Nf6 22.
Nf3 Rf7 23. Bxf6 Qxf6 24. b4 Rg7 25. Nbd4 axb4 26. axb4 Re8 27. Nc2 Qg6 28.
Nxe3 fxe3 29. Nh4 Qg5 30. g3 Nxb4 31. Ra3 Na6 32. Rf4 Nc5 33. Ng2 Ne4 34. Qb1
Nf2+ 35. Kg1 Nh3+ 36. Kf1 Nxf4 37. Nxf4 Re4 38. Ra8+ Kh7 39. Nh5 Rg8 40. Rxg8
Kxg8 41. Qxb7 f4 42. Qb1 f3 43. Bxf3 e2+ 44. Ke1 Re3 45. Qb8+ Kf7 46. Bxe2 Qxh5
0-1

[Event "Top 16"]
[Site "?"]
[Date "2008.03.24"]
[Round "3.2"]
[White "Degraeve, J-M ."]
[Black "Feller, S ."]
[Result "1/2-1/2"]
[WhiteElo "2535"]
[BlackElo "2522"]
[PlyCount "47"]
[EventDate "2008.??.??"]

1. e4 e5 2. Nf3 Nf6 3. Nc3 Nc6 4. Bb5 Bb4 5. O-O O-O 6. d3 d6 7. Bg5 Bxc3 8.
bxc3 Bd7 9. Re1 h6 10. Bh4 a6 11. Ba4 Qe7 12. Nd2 g5 13. Bg3 Nd8 14. Bxd7 Qxd7
15. Nf1 Nc6 16. Ne3 Ne7 17. f3 Nh5 18. c4 b6 19. a4 a5 20. Nd5 Nxd5 21. cxd5 f6
22. c4 Nxg3 23. hxg3 Rae8 24. g4 1/2-1/2

[Event "Top 16"]
[Site "?"]
[Date "2008.03.24"]
[Round "3.4"]
[White "Payen, A ."]
[Black "Chabanon, J-L ."]
[Result "1/2-1/2"]
[WhiteElo "2403"]
[BlackElo "2454"]
[PlyCount "35"]
[EventDate "2008.??.??"]

1. Nf3 Nf6 2. c4 b6 3. g3 Bb7 4. Bg2 e6 5. O-O Be7 6. Nc3 O-O 7. Re1 c5 8. e4
d6 9. d4 cxd4 10. Nxd4 Qc8 11. Be3 Nbd7 12. f4 Rd8 13. Rc1 a6 14. Bf2 Qb8 15.
f5 e5 16. Nc2 Rc8 17. Qe2 h6 18. Nb4 1/2-1/2

[Event "Top 16"]
[Site "?"]
[Date "2008.03.24"]
[Round "3.2"]
[White "Adla, Diego"]
[Black "Rozentalis, Eduardas"]
[Result "0-1"]
[WhiteElo "2480"]
[BlackElo "2567"]
[PlyCount "72"]
[EventDate "2008.??.??"]
[WhiteTeam "Noyon"]
[BlackTeam "Strasbourg"]

1. c4 e6 2. Nf3 Nf6 3. g3 d5 4. Bg2 dxc4 5. Qa4+ Bd7 6. Qxc4 Bc6 7. O-O Be7 8.
Nc3 a6 9. b4 Nbd7 10. Bb2 Bxf3 11. Bxf3 Ne5 12. Qf4 Nxf3+ 13. Qxf3 Qxd2 14.
Qxb7 O-O 15. Rab1 Rfb8 16. Qxc7 Bd6 17. Qc6 Rc8 18. Qf3 Bxb4 19. Na4 Rab8 20.
Bxf6 gxf6 21. Qxf6 Bf8 22. Nb6 Bg7 23. Qf3 Rd8 24. a4 Qa2 25. e3 h6 26. Qc6 Rd2
27. Rbd1 Rxd1 28. Rxd1 Qb3 29. Rd6 Bf8 30. a5 Bxd6 31. Qxd6 Qb1+ 32. Kg2 Qe4+
33. Kg1 Rb7 34. h3 Kg7 35. Qc5 f6 36. Kh2 Qf5 0-1

[Event "Top 16"]
[Site "?"]
[Date "2008.03.24"]
[Round "3.3"]
[White "Doettling, Fabian"]
[Black "Marcelin, Cyril"]
[Result "1-0"]
[WhiteElo "2544"]
[BlackElo "2510"]
[PlyCount "123"]
[EventDate "2008.??.??"]
[WhiteTeam "Strasbourg"]
[BlackTeam "Noyon"]

1. d4 d5 2. Nf3 Nf6 3. c4 e6 4. g3 dxc4 5. Bg2 c5 6. O-O Nc6 7. Qa4 Bd7 8. Qxc4
b5 9. Qd3 c4 10. Qd1 Rc8 11. b3 Be7 12. Bb2 O-O 13. bxc4 bxc4 14. Nc3 Qa5 15.
a3 Rb8 16. Qc2 Qb6 17. Rab1 Nxd4 18. Nxd4 Qxd4 19. Nd5 Qc5 20. Nxe7+ Qxe7 21.
Qxc4 Rfc8 22. Bxf6 gxf6 $2 (22... Qxf6 23. Rxb8 Rxb8 24. Qc7 $16) 23. Rxb8 Rxb8
24. Qc7 Rc8 25. Qxa7 Qd6 26. a4 Rc2 27. Bf3 Ra2 28. a5 Bb5 29. Bh5 Qd7 30. Qb6
Bxe2 31. Bxe2 Rxe2 32. Ra1 Qd2 33. a6 Re1+ 34. Rxe1 Qxe1+ 35. Kg2 Qe4+ 36. Kf1
Qh1+ 37. Ke2 Qe4+ 38. Kd2 Qd5+ 39. Kc3 Qe5+ 40. Kb4 Qb2+ 41. Ka5 Qe5+ 42. Ka4
Kg7 43. a7 Qd5 44. Qa6 Qd1+ 45. Kb5 Qd5+ 46. Kb6 Qd6+ 47. Kb7 Qd7+ 48. Kb8 Qd8+
49. Qc8 Qb6+ 50. Ka8 h6 51. Qc3 Kh7 52. Qd3+ Kg7 53. Qd7 Kg6 54. g4 Kg7 55. h4
Qb3 56. Qc6 Qb2 57. Qb7 Qe5 $4 (57... Qd4) 58. Qb6 Qd5+ 59. Kb8 Qe5+ 60. Kb7
Qe4+ 61. Qc6 Qb4+ 62. Kc8 1-0

[Event "Top 16"]
[Site "?"]
[Date "2008.03.24"]
[Round "3.4"]
[White "Nguyen, Chi-Minh"]
[Black "Kallai, Gabor"]
[Result "1-0"]
[WhiteElo "2411"]
[BlackElo "2470"]
[PlyCount "45"]
[EventDate "2008.??.??"]
[WhiteTeam "Noyon"]
[BlackTeam "Strasbourg"]

1. d4 d5 2. Nf3 Nf6 3. c4 dxc4 4. e3 e6 5. Bxc4 c5 6. O-O a6 7. Bd3 cxd4 8.
exd4 Be7 9. Ne5 O-O 10. Nc3 Nc6 11. Nxc6 bxc6 12. Na4 Rb8 13. Be3 Nd5 14. Rc1
e5 15. Bd2 exd4 16. Rxc6 a5 17. Re1 Bd7 18. Rc4 Bxa4 19. Rxa4 Bb4 (19... Nb4
$142) 20. a3 Nc3 $4 21. bxc3 dxc3 22. Bf4 c2 23. Bxh7+ 1-0

[Event "Top 16"]
[Site "?"]
[Date "2008.03.24"]
[Round "3.5"]
[White "Roos, Daniel"]
[Black "Housieaux, David"]
[Result "0-1"]
[WhiteElo "2408"]
[BlackElo "2353"]
[PlyCount "84"]
[EventDate "2008.??.??"]
[WhiteTeam "Strasbourg"]
[BlackTeam "Noyon"]

1. g3 g6 2. Bg2 Bg7 3. d4 d6 4. c3 Nd7 5. e4 e5 6. Ne2 h5 7. h3 Nh6 8. Be3 f5
9. Nd2 Qe7 10. Qb3 a5 11. a4 Nf7 12. h4 c6 13. exf5 gxf5 14. Nf3 Nf6 15. dxe5
dxe5 16. Ng5 Nxg5 17. Bxg5 Be6 18. Qa3 Qxa3 19. Rxa3 Kf7 20. O-O Bc4 21. Re1
Bf8 22. Raa1 Bc5 23. b3 Bxb3 24. Reb1 Bc4 25. Rxb7+ Kg6 26. Bf1 Ne4 27. Nd4 Bd5
28. Nf3 Bxf2+ 29. Kh2 Bxg3+ 30. Kh3 Nxg5+ 31. Nxg5 Bf4 32. c4 Bg8 33. Be2 Bxg5
34. Rg1 Bf7 35. Rxg5+ Kf6 36. c5 Rab8 37. Rc7 Rb3+ 38. Kh2 Bd5 39. Bxh5 e4 40.
Kg1 Rb2 41. Rd7 Rc2 42. Rd6+ Ke5 0-1

[Event "Top 16"]
[Site "?"]
[Date "2008.03.24"]
[Round "3.6"]
[White "Clery, Nicolas"]
[Black "Roos, Louis"]
[Result "1/2-1/2"]
[WhiteElo "2390"]
[BlackElo "2366"]
[PlyCount "159"]
[EventDate "2008.??.??"]
[WhiteTeam "Noyon"]
[BlackTeam "Strasbourg"]

1. Nf3 c5 2. c4 Nc6 3. e3 e5 4. Nc3 Nf6 5. a3 Bd6 6. d4 exd4 7. exd4 cxd4 8.
Nb5 O-O 9. Be2 Bb8 10. Bg5 h6 11. Bh4 Re8 12. O-O a6 13. Nbxd4 Nxd4 14. Nxd4 d5
15. cxd5 Qxd5 16. Bf3 Qd6 17. Bg3 Qb6 18. Bxb8 Rxb8 19. Qd2 Rd8 20. Qf4 Bd7 21.
b4 Rbc8 22. Rac1 a5 23. Nb3 axb4 24. Qxb4 Qxb4 25. axb4 b6 26. Nd4 Kf8 27. b5
Be8 28. Nc6 Rd6 29. Rfd1 Rxd1+ 30. Rxd1 Ra8 31. h3 Ra2 32. Rd6 Rb2 33. Na7 Bxb5
34. Rxb6 Rb1+ 35. Kh2 Bd3 36. Rd6 Be4 37. Rxf6 gxf6 38. Bxe4 Rd1 39. Nc6 Rc1
40. Bf3 Rc4 41. g4 Ke8 42. Kg3 Kd7 43. Bd5 Rc5 44. Be4 h5 45. gxh5 Rxh5 46. Nd4
Re5 47. f3 Ke8 48. Nf5 Kf8 49. h4 Kg8 50. Kf4 Ra5 51. Nd6 Re5 52. Nf5 Ra5 53.
Kg4 Re5 54. h5 Ra5 55. Kf4 Kh7 56. Ke3 Kg8 57. Kd4 Re5 58. f4 Ra5 59. Bd5 Ra4+
60. Ke3 Ra3+ 61. Ke4 Ra4+ 62. Kf3 Ra5 63. Ne3 Ra3 64. Ke4 Rc3 65. Ng4 Kg7 66.
Ne3 $2 (66. Kf5 $1 Rc5 67. Nxf6 $18) 66... Kg8 67. Nf5 Rh3 68. h6 Rh5 69. Nd6
Rxh6 70. Nxf7 Rh4 71. Nd6+ Kf8 72. Nb5 Rh5 73. Nd4 Ke7 74. Nf5+ Kf8 75. Be6 Rh7
76. Bd5 Ra7 77. Ne3 Re7+ 78. Kd4 Ra7 79. Ke4 Re7+ 80. Kd4 1/2-1/2

[Event "Top 16"]
[Site "?"]
[Date "2008.03.24"]
[Round "3.7"]
[White "Reinhart, Emmanuel"]
[Black "Aguettaz, Maxime"]
[Result "1/2-1/2"]
[WhiteElo "2285"]
[BlackElo "2422"]
[PlyCount "80"]
[EventDate "2008.??.??"]
[WhiteTeam "Strasbourg"]
[BlackTeam "Noyon"]

1. e4 c5 2. Nf3 Nc6 3. d4 cxd4 4. Nxd4 Nf6 5. Nc3 e5 6. Ndb5 d6 7. Bg5 a6 8.
Na3 b5 9. Bxf6 gxf6 10. Nd5 f5 11. Bd3 Be6 12. Qh5 Rg8 13. c3 Rxg2 14. Qf3 Rg4
15. exf5 Bxd5 16. Qxd5 Ne7 17. Qb7 Bh6 18. f6 Ng8 19. Qc6+ Kf8 20. Rd1 Rf4 21.
Bxh7 Rxf6 22. Bxg8 Kxg8 23. Rg1+ Kf8 24. Nc2 Rc8 25. Qe4 Rc4 26. Qh7 Qb6 27.
Rg8+ Ke7 28. Rg2 Qc6 29. Kf1 Rcf4 30. Ne3 Rxf2+ 31. Rxf2 Bxe3 32. Rxf6 Kxf6 33.
Qh8+ Ke7 34. Qh4+ Ke8 35. Ke2 Bf4 36. Qf2 Qe4+ 37. Kf1 Qh1+ 38. Ke2 Qe4+ 39.
Kf1 Qh1+ 40. Ke2 Qe4+ 1/2-1/2

[Event "Top 16"]
[Site "?"]
[Date "2008.03.24"]
[Round "3.8"]
[White "Assad, Karine"]
[Black "Gras, Delphine"]
[Result "1-0"]
[WhiteElo "2042"]
[BlackElo "2011"]
[PlyCount "89"]
[EventDate "2008.??.??"]
[WhiteTeam "Noyon"]
[BlackTeam "Strasbourg"]

1. d4 d5 2. c4 e6 3. Nc3 Be7 4. cxd5 exd5 5. Bf4 c6 6. Qc2 Nf6 7. e3 O-O 8. Bd3
Nbd7 9. Nge2 Re8 10. O-O Nf8 11. Ng3 Ng6 12. Bg5 Ng4 13. Bxe7 Qxe7 14. Rfe1 Qh4
15. Nf1 Qg5 16. Bxg6 hxg6 17. f3 Nf6 (17... Nxe3 $4 18. Qd2 $18) 18. Qf2 Bf5
19. g4 Bxg4 20. fxg4 Qxg4+ 21. Qg2 Re6 22. Qxg4 Nxg4 23. h3 Nh6 24. Ng3 Rae8
25. Kf2 f5 26. Re2 Nf7 27. Rae1 Nd6 28. Na4 b6 29. b3 Nb7 30. Rc2 Kf7 31. Nb2
Rh8 32. Kg2 Rhe8 33. Kf2 Rh8 34. Kg2 Rhe8 35. Kf3 Rh8 36. Nd3 Kf6 37. b4 g5 38.
Kg2 a5 39. a3 Rhe8 40. Ne5 c5 41. Nh5+ Ke7 42. Nxg7 Rxe5 43. dxe5 Rg8 44. Nxf5+
Ke6 45. Nh6 1-0

[Event "Top 16"]
[Site "?"]
[Date "2008.04.10"]
[Round "4.2"]
[White "Rozentalis, Eduardas"]
[Black "Kazhgaleyev, Murtas"]
[Result "1/2-1/2"]
[WhiteElo "2582"]
[BlackElo "2617"]
[PlyCount "55"]
[EventDate "2008.??.??"]

1. e4 c5 2. Nf3 Nc6 3. Bb5 d6 4. O-O Bd7 5. Re1 Nf6 6. h3 Ne5 7. Bxd7+ Nfxd7 8.
Nxe5 dxe5 9. d3 g6 10. a4 Bg7 11. Na3 O-O 12. Nc4 Qc7 13. Bg5 Nb8 14. a5 Nc6
15. c3 Nd8 16. Ne3 Qd6 17. Nd5 f6 18. Bc1 e6 19. Ne3 Nf7 20. Nc4 Qe7 21. b4
cxb4 22. cxb4 Rfd8 23. Qb3 f5 24. exf5 gxf5 25. Bb2 Rd5 26. Ne3 Rb5 27. Bc3 a6
28. Rad1 1/2-1/2

[Event "Top 16"]
[Site "?"]
[Date "2008.04.10"]
[Round "4.4"]
[White "Kallai, Gabor"]
[Black "Fontaine, Robert"]
[Result "1/2-1/2"]
[WhiteElo "2468"]
[BlackElo "2563"]
[PlyCount "71"]
[EventDate "2008.??.??"]

1. d4 Nf6 2. Nf3 g6 3. Bg5 Bg7 4. c3 d6 5. Nbd2 h6 6. Bh4 Nbd7 7. e4 e5 8. Bd3
Qe7 9. O-O c6 10. Re1 O-O 11. a4 Rd8 12. Nc4 a5 13. Qb3 g5 14. Bg3 Nh5 15. Rad1
Nxg3 16. hxg3 Nf8 17. Nb6 Rb8 18. Nxc8 Rdxc8 19. Bc4 b5 20. axb5 cxb5 21. Bxb5
exd4 22. c4 Ne6 23. e5 dxe5 24. Nxe5 Nc5 25. Qf3 Bxe5 26. Qd5 Qd6 27. Rxe5 Qxd5
28. Rxd5 d3 29. f3 Rb6 30. Kf2 Re6 31. Re1 Kg7 32. Rxe6 fxe6 33. Rd6 Kf6 34.
Ke3 Ke7 35. Rd4 h5 36. Kf2 1/2-1/2

[Event "Top 16"]
[Site "?"]
[Date "2008.04.10"]
[Round "4.5"]
[White "Nataf, Igor-Alexandre"]
[Black "Roos, Daniel"]
[Result "1-0"]
[WhiteElo "2543"]
[BlackElo "2408"]
[PlyCount "111"]
[EventDate "2008.??.??"]

1. e4 c6 2. c4 d5 3. exd5 Nf6 4. Qa4 Qb6 5. Nf3 Bd7 6. Ne5 cxd5 7. Nxd7 Nbxd7
8. cxd5 Nxd5 9. Nc3 Qb4 10. Qc2 e6 11. g3 Bd6 12. Bg2 O-O 13. O-O N7f6 14. b3
Rfd8 15. Bb2 Bf8 16. Rac1 Rd7 17. Rfe1 Qe7 18. a3 Qd8 19. Re2 Rc8 20. Qb1 a6
21. Nd1 Rxc1 22. Qxc1 Qb6 23. Qc2 Qa5 24. b4 Qc7 25. Qxc7 Rxc7 26. Ne3 Nb6 27.
Re1 Bd6 28. Rc1 Rxc1+ 29. Bxc1 Nfd5 30. Kf1 Kf8 31. Ke2 Ke7 32. Bb2 f6 33. Bd4
Nxe3 34. dxe3 Nd5 35. Kd3 Kd7 36. f4 a5 37. bxa5 Bxa3 38. Kc4 Kd6 39. e4 e5 40.
Ba7 Nc7 41. Bf3 Bb2 42. Bc5+ Kd7 43. Bg4+ Kc6 44. Bd1 Ne6 45. Ba4+ Kc7 46. Bb6+
Kd6 47. f5 Nd4 48. Bc5+ Kc7 49. Kd5 Bc3 50. Bf8 g6 51. Bg7 Bxa5 52. Bxf6 Nc6
53. Bxc6 bxc6+ 54. Ke6 gxf5 55. Bxe5+ Kd8 56. exf5 1-0

[Event "Top 16"]
[Site "?"]
[Date "2008.04.10"]
[Round "4.7"]
[White "Guidarelli, Laurent"]
[Black "Roos, Jean-Luc"]
[Result "1-0"]
[WhiteElo "2429"]
[BlackElo "2326"]
[PlyCount "59"]
[EventDate "2008.??.??"]

1. d4 e6 2. c4 Nf6 3. Nf3 d5 4. g3 Bb4+ 5. Bd2 Be7 6. Bg2 O-O 7. O-O c6 8. Qc2
b6 9. Bf4 Bb7 10. Rd1 Nbd7 11. Nc3 Rc8 12. e4 c5 13. exd5 exd5 14. Ne5 cxd4 15.
Rxd4 Bc5 16. Rd2 Nxe5 17. Bxe5 Bb4 18. cxd5 Nd7 19. Bd4 Nc5 20. Qf5 Qd7 21. Qf4
f6 22. h4 Na4 23. Re1 Nxb2 24. Rxb2 Bxc3 25. Bxc3 Rxc3 26. Rbe2 Qd8 27. h5 h6
28. Qf5 Bc8 29. Qg6 Rc7 30. Re8 1-0

[Event "Top 16"]
[Site "?"]
[Date "2008.04.10"]
[Round "4.8"]
[White "Gras, Delphine"]
[Black "Leconte, Maria"]
[Result "0-1"]
[WhiteElo "2011"]
[BlackElo "2336"]
[PlyCount "64"]
[EventDate "2008.??.??"]

1. e4 e6 2. d4 d5 3. exd5 Qxd5 4. Nf3 Nf6 5. Bd3 a6 6. O-O b5 7. Bg5 Bb7 8.
Nbd2 Nc6 9. c4 bxc4 10. Bxc4 Qf5 11. Bxf6 gxf6 12. Re1 Be7 13. Nf1 Rd8 14. Ng3
Qa5 15. Qb3 Qb4 16. Qxb4 Nxb4 17. Rad1 Nc2 18. Re2 Bxf3 19. gxf3 Nxd4 20. Rxd4
Rxd4 21. Bxa6 h5 22. Kf1 Kd7 23. Rc2 f5 24. Bb5+ Kd8 25. Ke2 h4 26. Nf1 h3 27.
a4 Bb4 28. Rc6 f4 29. Ra6 Rh5 30. Ra8+ Ke7 31. Bd3 Re5+ 32. Be4 f5 0-1

[Event "Top 16"]
[Site "?"]
[Date "2008.04.10"]
[Round "4.1"]
[White "Svetushkin, Dmitry"]
[Black "Rowson, Jonathan"]
[Result "1-0"]
[WhiteElo "2568"]
[BlackElo "2582"]
[PlyCount "57"]
[EventDate "2008.??.??"]

1. e4 c5 2. Nf3 e6 3. d3 Nc6 4. c3 d5 5. Qe2 Nf6 6. e5 Nd7 7. g3 Be7 8. Bg2 g5
9. h3 Qc7 10. Na3 Ndxe5 11. Nxg5 h6 12. Nf3 Nxf3+ 13. Bxf3 Bd7 14. O-O O-O-O
15. Nb5 Qb6 16. a4 a6 17. Na3 Qc7 18. Be3 e5 19. b4 Bxh3 20. Rfb1 f5 21. b5 e4
22. dxe4 dxe4 23. bxc6 Qxc6 24. Bg2 Bg4 25. Qa2 Bf6 26. Nc4 Bxc3 27. Bf4 b5 28.
axb5 axb5 29. Qa7 1-0

[Event "Top 16"]
[Site "?"]
[Date "2008.04.10"]
[Round "4.2"]
[White "Magem Badals, Jordi"]
[Black "Mamedov, Nidjat"]
[Result "1/2-1/2"]
[WhiteElo "2470"]
[BlackElo "2577"]
[PlyCount "36"]
[EventDate "2008.??.??"]

1. e4 c5 2. Nf3 d6 3. d4 cxd4 4. Nxd4 Nf6 5. Nc3 Nc6 6. f3 e5 7. Nb3 Be7 8. Be3
O-O 9. Qd2 a5 10. Bb5 Na7 11. Be2 Be6 12. O-O Nc6 13. Bb5 Na7 14. Be2 Nc6 15.
Bb5 Na7 16. Be2 Nc8 17. a4 Nb6 18. Kh1 h6 1/2-1/2

[Event "Top 16"]
[Site "?"]
[Date "2008.04.10"]
[Round "4.3"]
[White "Postny, Evgeny"]
[Black "Marcelin, Cyril"]
[Result "1-0"]
[WhiteElo "2649"]
[BlackElo "2510"]
[PlyCount "113"]
[EventDate "2008.??.??"]

1. d4 d5 2. c4 e6 3. Nf3 Nf6 4. g3 dxc4 5. Bg2 c5 6. O-O Nc6 7. Qa4 Bd7 8. Qxc4
b5 9. Qd3 c4 10. Qc2 Rc8 11. Nc3 Be7 12. Bg5 O-O 13. Bxf6 Bxf6 14. Nxb5 Qb6 15.
Nd6 Rc7 16. Nxc4 Nxd4 17. Nxb6 Nxc2 18. Nxd7 Rxd7 19. Rac1 Rc8 20. b3 g6 21. e3
a5 22. h4 h5 23. Ng5 Bxg5 24. hxg5 Rdc7 25. Rfd1 Kf8 26. Rd2 Ke7 27. Be4 Nb4
28. Rxc7+ Rxc7 29. a3 Na6 30. Rc2 Kd6 31. Rxc7 Nxc7 32. Bd3 Nd5 33. Kf1 Kc5 34.
Ke2 Ne7 35. Be4 Nc8 36. Kd2 Na7 37. Bd3 Nc6 38. Kc3 Ne5 39. Be2 Nc6 40. Bd3 Ne5
41. f4 Nc6 42. Be4 Ne7 43. b4+ axb4+ 44. axb4+ Kd6 45. Kd4 Nc8 46. b5 Nb6 47.
Bc6 Na4 48. e4 e5+ 49. fxe5+ Ke6 50. Bd5+ Ke7 51. Bb3 Nb6 52. Kc5 Nd7+ 53. Kd5
Nf8 54. Kc6 Nd7 55. Kc7 Nxe5 56. b6 Nd3 57. e5 1-0

[Event "Top 16"]
[Site "?"]
[Date "2008.04.10"]
[Round "4.4"]
[White "Gofshtein, Leonid"]
[Black "Koch, Jean Rene"]
[Result "1-0"]
[WhiteElo "2512"]
[BlackElo "2453"]
[PlyCount "53"]
[EventDate "2008.??.??"]

1. Nf3 f5 2. c4 Nf6 3. g3 g6 4. b4 Bg7 5. Bb2 O-O 6. Bg2 d6 7. O-O h6 8. d4 Qe8
9. d5 e5 10. dxe6 Qxe6 11. Nbd2 Nc6 12. a3 a5 13. b5 Ne5 14. Qc2 Ned7 15. Nh4
Qf7 16. e4 Nxe4 17. Nxe4 Bxb2 18. Qxb2 fxe4 19. Bxe4 Ne5 20. f4 Qxc4 21. Rfe1
Qc5+ 22. Kh1 g5 23. Rac1 Nc4 24. Rxc4 Qxc4 25. Ng6 Bf5 26. Ne7+ Kh7 27. Nxf5
1-0

[Event "Top 16"]
[Site "?"]
[Date "2008.04.10"]
[Round "4.6"]
[White "Nguyen, Chi Minh"]
[Black "Pucher, Olivier"]
[Result "0-1"]
[WhiteElo "2414"]
[BlackElo "2334"]
[PlyCount "38"]
[EventDate "2008.??.??"]

1. d4 Nf6 2. c4 e6 3. Nc3 Bb4 4. e3 b6 5. f3 O-O 6. e4 d5 7. e5 Nfd7 8. cxd5
exd5 9. f4 c5 10. Nf3 cxd4 11. a3 Bxc3+ 12. bxc3 dxc3 13. Bd3 Nc5 14. Bc2 Ba6
15. Be3 Nc6 16. Ng5 h6 17. Qh5 d4 18. O-O-O Qd5 19. Nh7 Qa2 0-1